[Event "Hastings Chess Congress"]
[Site "Hastings ENG"]
[Date "2008.12.30"]
[EventDate "2008.12.28"]
[Round "3"]
[Result "1-0"]
[White "James J McDonnell"]
[Black "Jens Nebel"]
[WhiteElo "2041"]
[BlackElo "2199"]
[PlyCount "68"]

1. e4 c5 2. b3 Nc6 3. Bb2 d6 4. Bb5 Nf6 5. Nc3 Bd7 6. f4 e6
7. Nf3 a6 8. Bxc6 Bxc6 9. Qe2 b5 10. d3 Qb6 11. e5 Nd5
12. Nxd5 Bxd5 13. O-O dxe5 14. fxe5 c4+ 15. Kh1 cxd3 16. Qxd3
Rd8 17. Qe2 Be7 18. c4 Bc6 19. Rfc1 O-O 20. cxb5 Bxb5 21. Qe1
Rd3 22. Rd1 Rfd8 23. Rxd3 Rxd3 24. Rd1 Bb4 25. Qe2 Rd2 26. Qe1
Rxb2 27. Qxb4 h6 28. Qe4 Bc6 29. Qg4 Rxa2 30. h4 Bd5 31. Rc1
Qb7 32. h5 Qxb3 33. Nh4 Qb2 34. Rc8+ Kh7 1-0

[Event "Hastings Chess Congress"]
[Site "Hastings ENG"]
[Date "2008.12.30"]
[EventDate "2008.12.28"]
[Round "3"]
[Result "1/2-1/2"]
[White "Elliott Auckland"]
[Black "Mikael Rolvag"]
[WhiteElo "2017"]
[BlackElo "2199"]
[PlyCount "148"]

1. d4 Nf6 2. Nf3 e6 3. Bf4 b6 4. g3 Bb7 5. Bg2 c5 6. O-O cxd4
7. Nxd4 Bxg2 8. Kxg2 a6 9. c4 Be7 10. Qa4 Qc8 11. Nc3 O-O
12. e4 d6 13. f3 Re8 14. Bg5 h6 15. Bxf6 Bxf6 16. Ndb5 Rd8
17. Rfd1 Qc5 18. Rac1 Qc6 19. Nd4 Qc8 20. f4 Ra7 21. Rd2 Rc7
22. Nce2 Qb7 23. Qc2 b5 24. b3 Rdc8 25. Nf3 d5 26. exd5 exd5
27. c5 b4 28. Ne1 Bc3 29. Nxc3 Rxc5 30. Nxd5 Rxc2 31. Rcxc2
Rxc2 32. Nxc2 Nc6 33. Kf2 a5 34. Nce3 Qb5 35. Nc7 Qh5 36. h4
Qc5 37. Rc2 Qd6 38. Ncd5 Kh7 39. Rd2 Ne7 40. Ke2 Nxd5 41. Rxd5
Qa6+ 42. Nc4 a4 43. Ke3 axb3 44. axb3 Qg6 45. Kf2 Qc2+ 46. Nd2
Qc3 47. Rd7 f6 48. Rd5 f5 49. Rd7 Qc5+ 50. Ke2 Qc2 51. Rd3 Kg6
52. Rd7 Qc6 53. Rd3 Kh5 54. Nf3 Qc2+ 55. Ke3 Qg2 56. Rd1 Qb2
57. Rd3 Kg4 58. Nd4 Kxg3 59. Nxf5+ Kg4 60. Ke4 Qg2+ 61. Ke5
Qe2+ 62. Ne3+ Kxh4 63. Kd4 Kh5 64. Kc4 Kg6 65. Nd5 h5 66. Nxb4
h4 67. Kd4 Kf5 68. Kc3 h3 69. Rxh3 Qe1+ 70. Kc4 Qf1+ 71. Rd3
Kxf4 72. Nd5+ Ke5 73. b4 g5 74. b5 Qxd3+ 1/2-1/2

[Event "Hastings Chess Congress"]
[Site "Hastings ENG"]
[Date "2008.12.30"]
[EventDate "2008.12.28"]
[Round "3"]
[Result "1-0"]
[White "Alan Grant Kerr"]
[Black "Richard J Webster"]
[WhiteElo "2192"]
[BlackElo "1975"]
[PlyCount "103"]

1. e4 e6 2. d4 d5 3. Nd2 c5 4. Ngf3 Nf6 5. exd5 Qxd5 6. Bb5+
Bd7 7. c4 Qd6 8. dxc5 Qxc5 9. Nb3 Qc7 10. O-O a6 11. Bxd7+
Nbxd7 12. Be3 Rd8 13. Qe2 Nc5 14. Nbd2 Bd6 15. b4 Nd3 16. a3
Ng4 17. g3 Be7 18. Bd4 e5 19. Qxd3 exd4 20. Nb3 O-O 21. Nbxd4
Bf6 22. Rad1 Bxd4 23. Nxd4 Ne5 24. Qe4 Nxc4 25. Nf5 Nd2
26. Qg4 Qc3 27. Rfe1 Nf3+ 28. Kh1 g6 29. Rf1 Rfe8 30. Ne7+ Kf8
31. Nd5 Qxa3 32. Qf4 Kg7 33. Qf6+ Kg8 34. Ne7+ Kf8 35. Rxd8
Rxd8 36. Nxg6+ hxg6 37. Qxd8+ Kg7 38. Qd5 Qc3 39. Rd1 Ne5
40. Qd4 Qc6+ 41. Qd5 Qc3 42. Kg2 Nc6 43. b5 axb5 44. Qxb5 Qc2
45. Qb1 Qe2 46. Qd3 Qe5 47. Qf3 Qe6 48. Rb1 Qe7 49. Qc3+ Kh7
50. Re1 Qd7 51. Re4 Qd5 52. f3 1-0

[Event "Hastings Chess Congress"]
[Site "Hastings ENG"]
[Date "2008.12.30"]
[EventDate "2008.12.28"]
[Round "3"]
[Result "1/2-1/2"]
[White "Timothy Spanton"]
[Black "Oliver Jackson"]
[WhiteElo "1982"]
[BlackElo "2182"]
[PlyCount "112"]

1. e4 e5 2. Nf3 d6 3. d4 f5 4. Nc3 fxe4 5. Nxe4 d5 6. Nxe5
dxe4 7. Qh5+ g6 8. Nxg6 hxg6 9. Qxg6+ Kd7 10. Qf5+ Ke8
11. Qe5+ Qe7 12. Qxh8 Be6 13. Be2 Bg7 14. Qh5+ Bf7 15. Qg4 Be6
16. Qxe4 c6 17. O-O Nf6 18. Qh4 Na6 19. Re1 Kd7 20. Bc4 Nc7
21. Bg5 Qf7 22. Bxe6+ Nxe6 23. Rad1 Rh8 24. Qg3 Nxg5 25. Qxg5
Rh5 26. Qg3 Bf8 27. Qb3 Nd5 28. Qxb7+ Nc7 29. Qb3 Qh7 30. h3
Bd6 31. c4 Rf5 32. Rd3 Qf7 33. c5 Qxb3 34. Rxb3 Bf8 35. Ree3
Bg7 36. Rf3 Rxf3 37. Rxf3 Bxd4 38. Rd3 Ne6 39. b4 Kc7 40. g4
a5 41. a3 axb4 42. axb4 Nf4 43. Rf3 Nd5 44. Rd3 Nf4 45. Ra3
Nd5 46. Rb3 Bc3 47. b5 cxb5 48. Rxb5 Kc6 49. Rb8 Kxc5 50. Rc8+
Kd4 51. Rxc3 Nxc3 52. Kg2 Ke4 53. h4 Kf4 54. h5 Kxg4 55. h6
Nd5 56. f3+ Kg5 1/2-1/2

[Event "Hastings Chess Congress"]
[Site "Hastings ENG"]
[Date "2008.12.30"]
[EventDate "2008.12.28"]
[Round "3"]
[Result "1/2-1/2"]
[White "Birk Anders Rolvaag"]
[Black "Martin Mitchell"]
[WhiteElo "1880"]
[BlackElo "2169"]
[PlyCount "198"]

1. e4 g6 2. Nc3 Bg7 3. g3 c5 4. Bg2 Nc6 5. Nge2 e6 6. d3 Nge7
7. Be3 Nd4 8. O-O O-O 9. Qd2 d6 10. Nc1 Rb8 11. Nd1 b5 12. c3
Ndc6 13. Bh6 d5 14. Bxg7 Kxg7 15. Ne3 f5 16. exf5 exf5 17. f4
d4 18. Nc2 Be6 19. Nb3 Qd6 20. Rfe1 Bd5 21. cxd4 Bxb3 22. axb3
cxd4 23. Ra6 Rb6 24. Rxb6 axb6 25. Qe2 Kf6 26. Na3 Na7
27. Qe5+ Qxe5 28. Rxe5 Rc8 29. Bf3 Rc5 30. Re2 Nac6 31. Nc2
Nd5 32. Kf2 Ndb4 33. Bxc6 Nxc2 34. Bxb5 Rxb5 35. Rxc2 Rxb3
36. Ke2 Ke6 37. Rd2 Kd6 38. Kd1 Rb5 39. Kc2 Rc5+ 40. Kb3 Rc1
41. Kb4 Rc5 42. Re2 Kd7 43. Kb3 Kd6 44. Re8 Rc7 45. Rd8+ Kc5
46. h3 Re7 47. Rc8+ Kb5 48. g4 Re3 49. Kc2 Re2+ 50. Kc1 Rf2
51. gxf5 gxf5 52. Rh8 Rxf4 53. Rxh7 Rf1+ 54. Kc2 Rf2+ 55. Kc1
Kb4 56. h4 b5 57. h5 Kb3 58. Rb7 b4 59. h6 Rh2 60. h7 f4
61. Kd1 f3 62. Ke1 Kxb2 63. Rxb4+ Kc3 64. Rb7 Kxd3 65. Rf7 f2+
66. Kf1 Kc3 67. Rc7+ Kb2 68. Rd7 Kc3 69. Rc7+ Kd2 70. Rd7 d3
71. Re7 Kd1 72. Rd7 Kc2 73. Rc7+ Kd2 74. Rd7 Ke3 75. Re7+ Kf4
76. Rf7+ Kg5 77. Rg7+ Kf4 78. Rf7+ Ke4 79. Re7+ Kd4 80. Rd7+
Kc4 81. Rc7+ Kb3 82. Rd7 Kc2 83. Rc7+ Kd1 84. Rd7 d2 85. Rc7
Rh6 86. Kxf2 Rf6+ 87. Kg3 Rf8 88. Kg4 Rd8 89. Rd7 Rh8 90. Kf3
Ke1 91. Re7+ Kd1 92. Rd7 Rf8+ 93. Kg4 Rh8 94. Kg5 Ke2 95. Re7+
Kd3 96. Rd7+ Ke2 97. Re7+ Kf3 98. Rd7 Rxh7 99. Rxd2 Ke3
1/2-1/2

[Event "Hastings Chess Congress"]
[Site "Hastings ENG"]
[Date "2008.12.30"]
[EventDate "2008.12.28"]
[Round "3"]
[Result "1-0"]
[White "Sohel Chowdhury"]
[Black "Einora Juciute"]
[WhiteElo "2168"]
[BlackElo "1815"]
[PlyCount "61"]

1. e4 e5 2. Nf3 Nc6 3. Bb5 a6 4. Ba4 f5 5. d3 Nf6 6. exf5 b5
7. Bb3 d5 8. a4 Rb8 9. axb5 axb5 10. Qe2 Qd6 11. Bf4 Qb4+
12. Bd2 Qd6 13. O-O Be7 14. Re1 O-O 15. Bc3 Bxf5 16. Nxe5 b4
17. Nxc6 Qxc6 18. Be5 Bd6 19. Nd2 Ng4 20. Nf3 Bc8 21. d4 Nf6
22. h3 Rb6 23. Bxf6 gxf6 24. Ra5 Kh8 25. Rxd5 Qd7 26. Rh5 Qg7
27. Qe4 f5 28. Qh4 Bb7 29. Ng5 Bh2+ 30. Kxh2 h6 31. Re7 1-0

[Event "Hastings Chess Congress"]
[Site "Hastings ENG"]
[Date "2008.12.30"]
[EventDate "2008.12.28"]
[Round "3"]
[Result "1-0"]
[White "Vladimir Prosviriakov"]
[Black "Simon Knight"]
[WhiteElo "2327"]
[BlackElo "2148"]
[PlyCount "47"]

1. Nf3 Nf6 2. d4 e6 3. Bg5 d5 4. Nbd2 b6 5. e4 dxe4 6. Nxe4
Be7 7. Bxf6 Bxf6 8. c3 O-O 9. Bd3 Bb7 10. h4 Re8 11. Nfg5 g6
12. Qf3 Kg7 13. Nxh7 Bxh4 14. g3 Be7 15. Nhg5 Bxg5 16. Rh7+
Kxh7 17. Qxf7+ Kh6 18. Ke2 Ba6 19. Rh1+ Bh4 20. Rxh4+ Qxh4
21. gxh4 Bxd3+ 22. Kxd3 Nc6 23. Qf4+ Kg7 24. Qxc7+ 1-0

[Event "Hastings Chess Congress"]
[Site "Hastings ENG"]
[Date "2008.12.30"]
[EventDate "2008.12.28"]
[Round "3"]
[Result "1-0"]
[White "Yang-Fan Zhou"]
[Black "Craig A Young"]
[WhiteElo "2276"]
[BlackElo "2072"]
[PlyCount "54"]

1. e4 e6 2. d4 d5 3. e5 c5 4. c3 Nc6 5. Nf3 Qb6 6. a3 a5
7. Bd3 Bd7 8. O-O cxd4 9. cxd4 Nxd4 10. Nxd4 Qxd4 11. Nc3 Qxe5
12. Re1 Qd6 13. Nb5 Qb8 14. Qf3 Bd6 15. Nxd6+ Qxd6 16. Bf4 Qe7
17. Qg3 f6 18. Bd6 Qf7 19. Rac1 Ne7 20. Rc7 Rd8 21. Bb5 Nc6
22. Rxb7 Ne5 23. Bxe5 fxe5 24. Bxd7+ Rxd7 25. Rb8+ Rd8
26. Rxd8+ Kxd8 27. Qxe5 Rf8 1-0

[Event "Hastings Chess Congress"]
[Site "Hastings ENG"]
[Date "2008.12.30"]
[EventDate "2008.12.28"]
[Round "3"]
[Result "1/2-1/2"]
[White "David Ian Calvert"]
[Black "Malek Mohammed Abdul"]
[WhiteElo "2051"]
[BlackElo "2264"]
[PlyCount "111"]

1. b3 e5 2. Bb2 Nc6 3. e3 d5 4. Bb5 Bd6 5. f4 Qe7 6. Nf3 Bg4
7. fxe5 Bxe5 8. Bxe5 Bxf3 9. Qxf3 Qxe5 10. Bxc6+ bxc6 11. Nc3
Nf6 12. O-O O-O 13. Qf4 Rae8 14. Qxe5 Rxe5 15. Rf4 Ne4 16. d4
Re6 17. Nxe4 Rxe4 18. Rxe4 dxe4 19. Kf2 f5 20. Ke2 Kf7 21. Rf1
Ke7 22. c4 g6 23. g3 a5 24. Kd2 Rd8 25. Kc3 c5 26. a3 cxd4+
27. exd4 Ke6 28. b4 axb4+ 29. axb4 Ra8 30. Kb3 g5 31. b5 h5
32. h3 Rf8 33. Re1 Kd6 34. Kc3 f4 35. gxf4 Rxf4 36. Re3 h4
37. Kd2 Ke6 38. Ke2 g4 39. hxg4 Rxg4 40. Kf2 Kf5 41. c5 Rg8
42. b6 cxb6 43. cxb6 Rb8 44. Rb3 Rb7 45. Rh3 Rxb6 46. Rxh4
Rb2+ 47. Ke3 Rb3+ 48. Ke2 Rd3 49. Rh5+ Kf4 50. Rh4+ Kf5
51. Rh5+ Kg4 52. Rh8 Rxd4 53. Ke3 Ra4 54. Rg8+ Kf5 55. Rf8+
Ke5 56. Re8+ 1/2-1/2

[Event "Hastings Chess Congress"]
[Site "Hastings ENG"]
[Date "2008.12.30"]
[EventDate "2008.12.28"]
[Round "3"]
[Result "1-0"]
[White "Rasa Norinkeviciute"]
[Black "David Ledger"]
[WhiteElo "2005"]
[BlackElo "2254"]
[PlyCount "65"]

1. c4 e5 2. g3 d6 3. Bg2 Nc6 4. Nc3 Be6 5. d3 Qd7 6. e4 g6
7. Be3 Bg7 8. Qd2 f5 9. Nd5 Nd8 10. Qa5 b6 11. Qa3 Bxd5
12. cxd5 Nf6 13. Ne2 O-O 14. O-O Nb7 15. Rac1 a5 16. exf5 gxf5
17. d4 Ng4 18. Qc3 Rac8 19. h3 Nxe3 20. fxe3 Qe7 21. Rce1 Kh8
22. Qc2 Bh6 23. Rxf5 Bxe3+ 24. Kh2 Rxf5 25. Qxf5 Rf8 26. Qe4
Bf2 27. Rf1 Qg7 28. Qh4 exd4 29. Nf4 Rxf4 30. Qxf4 Be3 31. Qf5
Bg5 32. Be4 Be7 33. Qh5 1-0

[Event "Hastings Chess Congress"]
[Site "Hastings ENG"]
[Date "2008.12.30"]
[EventDate "2008.12.28"]
[Round "3"]
[Result "1/2-1/2"]
[White "Matthew N Anderton"]
[Black "Alexandra Wilson"]
[WhiteElo "2232"]
[BlackElo "2026"]
[PlyCount "102"]

1. e4 c5 2. c3 e6 3. d4 d5 4. exd5 exd5 5. Be3 c4 6. b3 cxb3
7. axb3 Bd6 8. Bd3 Ne7 9. Qf3 Be6 10. Bf4 Nbc6 11. Ne2 Ng6
12. Bxd6 Qxd6 13. Nd2 O-O 14. O-O Nce7 15. h3 f5 16. Rfe1 f4
17. c4 Nf5 18. cxd5 Nfh4 19. Qh5 Bf5 20. Ne4 Bxe4 21. Bxe4 f3
22. gxf3 Rae8 23. Ng3 Qf6 24. d6 Rxe4 25. Rxe4 Nxf3+ 26. Kh1
Ng5 27. Qe2 Nxe4 28. Nxe4 Qf5 29. Qg4 Qd5 30. Re1 Nf4 31. Kh2
Qxd4 32. d7 h5 33. Qd1 Nd3 34. Re3 Qe5+ 35. Kh1 Nxf2+ 36. Nxf2
Qxe3 37. d8=Q Rxd8 38. Qxd8+ Kf7 39. Qd5+ Kf8 40. Qd8+ Kf7
41. Qd5+ Kf8 42. Kg2 h4 43. Qf3+ Qxf3+ 44. Kxf3 a5 45. Ne4 Ke7
46. Nc5 b5 47. Ke4 Kf6 48. Nd7+ Ke6 49. Nc5+ Kf6 50. Nd7+ Ke6
51. Nc5+ Kf6 1/2-1/2

[Event "Hastings Chess Congress"]
[Site "Hastings ENG"]
[Date "2008.12.30"]
[EventDate "2008.12.28"]
[Round "3"]
[Result "1-0"]
[White "Felix J Kwiatkowski"]
[Black "Uwe Nebel"]
[WhiteElo "2219"]
[BlackElo "2001"]
[PlyCount "35"]

1. e4 c5 2. Nf3 d6 3. d4 cxd4 4. Nxd4 Nf6 5. Nc3 a6 6. Be2 e6
7. f4 Be7 8. O-O Qc7 9. Kh1 b5 10. Bf3 Bb7 11. e5 Nd5 12. Nxd5
exd5 13. exd6 Bxd6 14. Nf5 Qc5 15. Be3 Qc7 16. Bxd5 Nc6
17. Bxc6+ Qxc6 18. Nxd6+ 1-0

[Event "Hastings Chess Congress"]
[Site "Hastings ENG"]
[Date "2008.12.30"]
[EventDate "2008.12.28"]
[Round "3"]
[Result "1-0"]
[White "David Spence"]
[Black "Joseph Quinn"]
[WhiteElo "2214"]
[BlackElo "1846"]
[PlyCount "65"]

1. e4 e5 2. Nf3 Nc6 3. Bb5 a6 4. Ba4 Nf6 5. Qe2 b5 6. Bb3 Be7
7. c3 O-O 8. O-O d6 9. Rd1 Bd7 10. d4 Qc8 11. Nbd2 Rb8 12. Nf1
Bg4 13. h3 Bh5 14. Ng3 Bxf3 15. Qxf3 Bd8 16. Nf5 Ne8 17. Qg3
Kh8 18. Bd5 Ne7 19. Nxe7 Bxe7 20. dxe5 dxe5 21. Qxe5 Bd6
22. Qd4 f6 23. f4 Qd7 24. Qf2 Rd8 25. Be3 c6 26. Bb3 Qe7
27. Bc2 Nc7 28. Rd2 Ne6 29. Rad1 h6 30. Qf3 Qc7 31. e5 fxe5
32. Bb3 Qe7 33. f5 1-0

[Event "Hastings Chess Congress"]
[Site "Hastings ENG"]
[Date "2008.12.30"]
[EventDate "2008.12.28"]
[Round "3"]
[Result "1-0"]
[White "Arne Hagesaether"]
[Black "Jude A Lenier"]
[WhiteElo "2181"]
[BlackElo "1831"]
[PlyCount "91"]

1. e4 e5 2. Nf3 Nc6 3. d4 exd4 4. Nxd4 Nf6 5. Nc3 Bb4 6. Nxc6
bxc6 7. Bd3 d5 8. Qe2 O-O 9. Bg5 Re8 10. O-O Bxc3 11. bxc3 h6
12. Bxf6 Qxf6 13. Qf3 Qxf3 14. gxf3 Rb8 15. Kg2 Re6 16. Rfb1
Rb6 17. Kf1 Re8 18. c4 Bh3+ 19. Ke2 Bg2 20. Ke3 f5 21. e5 g5
22. f4 c5 23. f3 g4 24. cxd5 Bxf3 25. Rxb6 axb6 26. c4 Ra8
27. a4 Kf7 28. Bxf5 h5 29. Bc2 b5 30. cxb5 Bxd5 31. f5 h4
32. Kf4 Rg8 33. Rg1 g3 34. h3 g2 35. Be4 Bxe4 36. Kxe4 Rg3
37. Kd5 Rxh3 38. Rxg2 Rh1 39. Rg6 h3 40. e6+ Kf8 41. Rh6 h2
42. Kc6 Kg7 43. e7 Kxh6 44. e8=Q Kg5 45. Qg6+ Kf4 46. Qg2 1-0

[Event "Hastings Chess Congress"]
[Site "Hastings ENG"]
[Date "2008.12.30"]
[EventDate "2008.12.28"]
[Round "3"]
[Result "0-1"]
[White "Paul Hopper"]
[Black "Andrew Greet"]
[WhiteElo "2173"]
[BlackElo "2440"]
[PlyCount "114"]

1. Nf3 Nf6 2. g3 d5 3. Bg2 Bf5 4. d3 e6 5. c3 h6 6. b4 c6
7. Nbd2 a5 8. bxa5 Qxa5 9. Qc2 Be7 10. O-O O-O 11. Bb2 Nbd7
12. a4 Qc7 13. c4 Bh7 14. cxd5 exd5 15. Ba3 Rfe8 16. Bxe7 Rxe7
17. Nb3 Ne8 18. Ra2 Nd6 19. Rc1 Nf8 20. Qb2 Ne6 21. Nbd4 Qb8
22. Rb1 Qa7 23. a5 c5 24. Nb5 Nxb5 25. Qxb5 c4 26. Rc1 cxd3
27. exd3 Rd8 28. a6 bxa6 29. Rxa6 Rb7 30. Rxa7 Rxb5 31. Ne5
Nd4 32. Rcc7 Rb1+ 33. Bf1 Nb5 34. Rab7 Rxf1+ 35. Kxf1 Nxc7
36. Rxc7 f6 37. Nc6 Bxd3+ 38. Ke1 Re8+ 39. Re7 Rc8 40. Kd2
Rxc6 41. Kxd3 Ra6 42. f4 Ra2 43. Rd7 Rxh2 44. Ke3 Rh5 45. Kf3
Kf8 46. Kg4 g6 47. Kf3 Kg8 48. Kg4 Rf5 49. Kf3 h5 50. g4 hxg4+
51. Kxg4 Kf8 52. Rd8+ Ke7 53. Rg8 Kf7 54. Rd8 Rh5 55. Rd7+ Ke6
56. Rd8 Rh1 57. Ra8 Rg1+ 0-1

[Event "Hastings Chess Congress"]
[Site "Hastings ENG"]
[Date "2008.12.30"]
[EventDate "2008.12.28"]
[Round "3"]
[Result "1-0"]
[White "R Alan Barton"]
[Black "James S Macrae"]
[WhiteElo "2131"]
[BlackElo "1778"]
[PlyCount "95"]

1. Nf3 d5 2. d4 e6 3. Bg5 Nf6 4. Nbd2 Be7 5. e3 h6 6. Bh4 O-O
7. Bd3 b6 8. Ne5 Bb7 9. c3 Nbd7 10. Ndf3 Nxe5 11. Nxe5 Nd7
12. Bxe7 Qxe7 13. Nxd7 Qxd7 14. Qh5 f5 15. f4 Qf7 16. Qh3 a5
17. a4 Ba6 18. Bc2 c5 19. Kd2 Qe7 20. Rhg1 Kh7 21. g4 g6
22. Rg3 Rf7 23. Rag1 Rg8 24. Qg2 Rfg7 25. Rh3 Rh8 26. Rxh6+
Kg8 27. g5 Qf7 28. h4 Bc8 29. Bd1 Bd7 30. h5 gxh5 31. Bxh5 Qe7
32. Rxh8+ Kxh8 33. Rh1 Kg8 34. Bd1 Rh7 35. b3 Bc6 36. Rh6 cxd4
37. exd4 b5 38. axb5 Bxb5 39. Qh2 Qg7 40. Rxh7 Qxh7 41. Qxh7+
Kxh7 42. Be2 Bc6 43. c4 Kg6 44. Kc3 Bd7 45. c5 Bc6 46. b4
axb4+ 47. Kxb4 Be8 48. Bb5 1-0

[Event "Hastings Chess Congress"]
[Site "Hastings ENG"]
[Date "2008.12.31"]
[EventDate "2008.12.28"]
[Round "4"]
[Result "1-0"]
[White "Igor Kurnosov"]
[Black "Mark Hebden"]
[WhiteElo "2606"]
[BlackElo "2515"]
[PlyCount "95"]

1. e4 e5 2. Nf3 Nc6 3. Bb5 a6 4. Ba4 Nf6 5. O-O Be7 6. Re1 b5
7. Bb3 O-O 8. c3 d5 9. exd5 Nxd5 10. Nxe5 Nxe5 11. Rxe5 c6
12. d4 Bd6 13. Re1 Qh4 14. g3 Qh3 15. Qe2 Bg4 16. Qf1 Qh5
17. Nd2 Nf4 18. gxf4 Bxf4 19. h4 Rae8 20. Ne4 Bb8 21. Qg2 Kh8
22. Bg5 f6 23. Nxf6 Rxe1+ 24. Rxe1 gxf6 25. Re4 fxg5 26. Rxg4
Bf4 27. hxg5 Re8 28. Kf1 Bd2 29. Re4 Rf8 30. Re2 Qxg5 31. Qxc6
Bf4 32. Re8 Bd6 33. Rxf8+ Bxf8 34. Qe6 a5 35. Qf7 Qg7 36. Qd5
a4 37. Bc2 Qh6 38. Ke2 Qf4 39. Qe5+ Qxe5+ 40. dxe5 Bh6 41. Bd3
Kg7 42. Bxb5 a3 43. b4 Bf4 44. e6 Kf6 45. Bd3 h5 46. Bf5 Bd6
47. Bh3 Ke5 48. Kd3 1-0

[Event "Hastings Chess Congress"]
[Site "Hastings ENG"]
[Date "2008.12.31"]
[EventDate "2008.12.28"]
[Round "4"]
[Result "1/2-1/2"]
[White "Karl McPhillips"]
[Black "David Howell"]
[WhiteElo "2222"]
[BlackElo "2593"]
[PlyCount "92"]

1. d4 Nf6 2. c4 g6 3. Nc3 Bg7 4. e4 d6 5. Bd3 O-O 6. Nge2 Nc6
7. O-O Nh5 8. Bc2 e5 9. d5 Ne7 10. a4 f5 11. exf5 gxf5 12. f4
Ng6 13. Ra3 Bd7 14. Nb1 Nhxf4 15. Nxf4 Nxf4 16. Bxf4 exf4
17. Rh3 Be5 18. Nc3 Rf7 19. Ne2 Qf6 20. Nxf4 Bxb2 21. Ne6 Bxe6
22. dxe6 Qxe6 23. Bxf5 Qxc4 24. Kh1 Raf8 25. Rh5 Kh8 26. h3
Be5 27. Rf3 Rg8 28. Bd3 Qa2 29. Qf1 Rfg7 30. Rf8 Rxf8
31. Qxf8+ Qg8 32. Qf3 Rf7 33. Qxb7 c5 34. Qe4 Re7 35. Qf3 Rf7
36. Rf5 Rxf5 37. Qxf5 c4 38. Be4 a5 39. h4 c3 40. h5 h6 41. g4
Bg7 42. Kg2 Bd4 43. Kf3 Be5 44. Ke2 Qa2+ 45. Bc2 Qc4+ 46. Bd3
Qa2+ 1/2-1/2

[Event "Hastings Chess Congress"]
[Site "Hastings ENG"]
[Date "2008.12.31"]
[EventDate "2008.12.28"]
[Round "4"]
[Result "1-0"]
[White "Stephen Gordon"]
[Black "Chino C Atako"]
[WhiteElo "2521"]
[BlackElo "2100"]
[PlyCount "35"]

1. d4 Nf6 2. c4 e6 3. Nc3 Bb4 4. Qc2 Nc6 5. Nf3 Bxc3+ 6. Qxc3
Qe7 7. a3 d6 8. g3 e5 9. d5 Nb8 10. Bg2 O-O 11. O-O Ne4
12. Qc2 f5 13. Nh4 Nc5 14. b4 g5 15. Bxg5 Qxg5 16. bxc5 dxc5
17. f4 Qf6 18. fxe5 1-0

[Event "Hastings Chess Congress"]
[Site "Hastings ENG"]
[Date "2008.12.31"]
[EventDate "2008.12.28"]
[Round "4"]
[Result "0-1"]
[White "Petr Marusenko"]
[Black "Milos Pavlovic"]
[WhiteElo "2320"]
[BlackElo "2524"]
[PlyCount "80"]

1. d4 Nf6 2. c4 c5 3. d5 b5 4. cxb5 a6 5. Nc3 axb5 6. e4 b4
7. Nb5 d6 8. Bf4 Nxe4 9. Bc4 g5 10. Bc1 b3 11. Qxb3 Qa5+
12. Nc3 Nd7 13. Nge2 Rb8 14. Bb5 Nxc3 15. Nxc3 Qb4 16. O-O h6
17. Bc6 Bg7 18. Re1 Kf8 19. Re4 Bd4 20. Qxb4 Rxb4 21. Re1 Ne5
22. a3 Rb6 23. Ba4 Nd3 24. Re2 Ba6 25. Rd2 Kg7 26. Nd1 Rhb8
27. Ne3 Bxe3 28. fxe3 Nxc1 29. Rxc1 Rxb2 30. Rcc2 Rb1+ 31. Kf2
h5 32. g3 Rf1+ 33. Kg2 Rbb1 34. Rf2 Rg1+ 35. Kf3 f5 36. Rb2
Bd3 37. Rxb1 Be4+ 38. Ke2 Rxb1 39. Bd7 Kf6 40. a4 c4 0-1

[Event "Hastings Chess Congress"]
[Site "Hastings ENG"]
[Date "2008.12.31"]
[EventDate "2008.12.28"]
[Round "4"]
[Result "0-1"]
[White "Daniel Gormally"]
[Black "Didier Leroy"]
[WhiteElo "2514"]
[BlackElo "2286"]
[PlyCount "81"]

1. d4 d5 2. c4 e6 3. Nc3 a6 4. Nf3 dxc4 5. e3 b5 6. a4 b4
7. Ne4 Bb7 8. Qc2 b3 9. Qb1 Bxe4 10. Qxe4 Qd5 11. Qb1 Nc6
12. Be2 Bb4+ 13. Kf1 Nf6 14. Nd2 Bxd2 15. Bxd2 Ne4 16. Be1 e5
17. Qc1 Nd6 18. Bf3 e4 19. Be2 Rb8 20. Qc3 a5 21. g3 O-O
22. Kg2 Nb4 23. Bd2 Ra8 24. Rhc1 Nd3 25. Bxd3 exd3+ 26. f3 f5
27. Re1 g5 28. Qc1 Rae8 29. Qd1 Rf6 30. Rf1 Rfe6 31. Rf2 Nf7
32. Kg1 h5 33. Qf1 Rh6 34. e4 Qxd4 35. Bxa5 g4 36. Bc3 Qa7
37. Kh1 Ng5 38. fxg4 Nxe4 39. Rxf5 Nxg3+ 40. Kg2 Nxf1
41. Raxf1 0-1

[Event "Hastings Chess Congress"]
[Site "Hastings ENG"]
[Date "2008.12.31"]
[EventDate "2008.12.28"]
[Round "4"]
[Result "1/2-1/2"]
[White "Stewart Haslinger"]
[Black "Konstantinos Nikolaidis"]
[WhiteElo "2506"]
[BlackElo "2264"]
[PlyCount "139"]

1. e4 c6 2. d4 d5 3. e5 c5 4. Nf3 Nc6 5. dxc5 Bg4 6. Bb5 Qa5+
7. Nc3 e6 8. Be3 Nge7 9. a3 O-O-O 10. b4 Qc7 11. Bxc6 Nxc6
12. Bf4 f6 13. h3 Bxf3 14. Qxf3 fxe5 15. Bg3 Qe7 16. O-O g5
17. Nb5 Bg7 18. Rad1 Kb8 19. c4 dxc4 20. Nd6 Rdf8 21. Qc3 Ka8
22. Nxc4 h5 23. Qb3 Rd8 24. Rfe1 g4 25. Rxd8+ Rxd8 26. hxg4
hxg4 27. Qa4 Qg5 28. b5 Nd4 29. Ne3 Rh8 30. b6 a6 31. Nf1 Bf6
32. Qd1 Nf5 33. c6 Qh6 34. cxb7+ Kb8 35. Nh2 Rd8 36. Qc2 Qg7
37. Rc1 Qxb7 38. Qc7+ Ka8 39. Bxe5 g3 40. Bxg3 Nxg3 41. Qxg3
Bd4 42. Qf3 Bxb6 43. Rc6 Rd1+ 44. Qxd1 Qxc6 45. Qf3 Kb7
46. Kf1 Kc7 47. Qxc6+ Kxc6 48. Nf3 Kb5 49. Ng5 e5 50. Ke2 Ka4
51. Nf3 Bc7 52. g4 Kxa3 53. g5 Bd8 54. g6 Bf6 55. Kd3 Kb4
56. Ng5 a5 57. Ne6 a4 58. Kc2 Kc4 59. g7 Bxg7 60. Nxg7 a3
61. Nf5 a2 62. Kb2 Kd3 63. Ng3 Kd2 64. Kxa2 Ke1 65. Nh1 Kf1
66. Kb3 Kg2 67. Kc3 Kxh1 68. Kd3 Kg2 69. Ke3 e4 70. Ke2
1/2-1/2

[Event "Hastings Chess Congress"]
[Site "Hastings ENG"]
[Date "2008.12.31"]
[EventDate "2008.12.28"]
[Round "4"]
[Result "0-1"]
[White "Alan Grant Kerr"]
[Black "Willy Hendriks"]
[WhiteElo "2192"]
[BlackElo "2447"]
[PlyCount "80"]

1. e4 d6 2. d4 Nf6 3. Nc3 g6 4. Be3 Bg7 5. Qd2 c6 6. Nf3 Bg4
7. Bd3 Nbd7 8. Bh6 Bxh6 9. Qxh6 Bxf3 10. gxf3 Qb6 11. Ne2 Qxb2
12. O-O Qa3 13. Rfb1 Rb8 14. f4 e5 15. Rb3 Qa5 16. fxe5 dxe5
17. Rab1 b6 18. d5 cxd5 19. Bb5 Rd8 20. exd5 Ke7 21. Qc1 Ne4
22. d6+ Nxd6 23. Qg5+ f6 24. Qh6 Nf5 25. Qh3 Qd2 26. Rd3 Qh6
27. Qg2 Nc5 28. Rh3 Qd2 29. Qc6 Qd6 30. Qf3 Qd5 31. Qa3 Qb7
32. Bd3 Qc7 33. Bxf5 gxf5 34. Ng3 Rdg8 35. Kf1 Rg5 36. Qf3 Qb7
37. Nxf5+ Rxf5 38. Qxf5 Qh1+ 39. Ke2 Qxb1 40. Rh6 Qb5+ 0-1

[Event "Hastings Chess Congress"]
[Site "Hastings ENG"]
[Date "2008.12.31"]
[EventDate "2008.12.28"]
[Round "4"]
[Result "1-0"]
[White "Adam Hunt"]
[Black "Julian Antonio Rojas Alarcon"]
[WhiteElo "2431"]
[BlackElo "2187"]
[PlyCount "95"]

1. e4 c5 2. Nf3 d6 3. d4 cxd4 4. Nxd4 Nf6 5. Nc3 g6 6. Be3 Bg7
7. f3 O-O 8. Qd2 Nc6 9. Bc4 Bd7 10. O-O-O Qa5 11. Bb3 Rfc8
12. Kb1 Ne5 13. Bg5 Rc5 14. Rhe1 b5 15. Bxf6 Bxf6 16. Nd5 Qxd2
17. Nxf6+ Kg7 18. Rxd2 Kxf6 19. f4 Nc6 20. Bd5 e6 21. b4 Rxd5
22. exd5 Nxb4 23. dxe6 fxe6 24. Nf3 Nd5 25. Ng5 h6 26. Ne4+
Ke7 27. g3 Rc8 28. Kb2 Rc6 29. Rf2 Rc4 30. g4 Rb4+ 31. Kc1 Nf6
32. Nxf6 Kxf6 33. g5+ Kg7 34. Rd1 d5 35. Rd3 Rc4 36. Ra3 Rc7
37. h4 h5 38. Rff3 Kf7 39. Rfc3 Rb7 40. Ra5 Ke7 41. Kd2 e5
42. fxe5 Ke6 43. Rca3 Rb6 44. Rxa7 Bc8 45. Ra8 b4 46. Rf3 Bb7
47. Rf6+ Kxe5 48. Re8+ 1-0